| 000 | 00431nam a22001817a 4500 | ||
|---|---|---|---|
| 003 | MPLRDC | ||
| 005 | 20220104152122.0 | ||
| 008 | 210129b ||||| |||| 00| 0 eng d | ||
| 020 | _a7-301-07621-5 | ||
| 082 | _a536.87 XX | ||
| 100 | _a徐新 | ||
| 245 |
_a犹太文化史 _c |
||
| 250 | _a一版二刷 | ||
| 260 |
_a中国 _b北京大学出版社 _c2006 |
||
| 300 | _b399 | ||
| 650 | _a民族文化 | ||
| 942 |
_cBK _o536.87 XX |
||
| 999 |
_c52722 _d52712 |
||